| 000 | 01218cam a2200313 i 4500 | ||
|---|---|---|---|
| 999 |
_c64881 _d64881 |
||
| 001 | 64881 | ||
| 003 | Mx-PuUPA | ||
| 005 | 20240410104108.0 | ||
| 008 | 100324s1997 mx ad fr 001 0 spa d | ||
| 020 | _a9789682612923 (13) | ||
| 020 | _a9682612926 | ||
| 040 |
_aMx-PuUPA _bspa _cMx-PuUPA _dMx-PuUPA _erda |
||
| 041 | 1 |
_aspa _heng |
|
| 100 | 1 |
_aKuo, Benjamin C., _d1930-2012 _eautor _99647 |
|
| 240 | 1 | 0 |
_aDigital control systems. _f1992. _lEspañol. |
| 245 | 1 | 0 |
_aSistemas de control digital / _cBenjamin C. Kuo ; traducción, Gerardo Urbina Medal. |
| 250 | _aPrimera edición | ||
| 264 | 1 |
_aMéxico : _bGrupo Editorial Patria, _c1997 |
|
| 300 |
_axviii, 751 páginas : _bilustraciones, gráficas, diagramas ; _c25 cm. |
||
| 336 |
_2rdacontent _atexto _btxt |
||
| 337 |
_2rdamedia _asin medio _bn |
||
| 338 |
_2rdacarrier _avolumen _bnc |
||
| 650 | 1 | 4 | _aControladores (hardware) |
| 700 | 1 |
_aUrbina Medal, Gerardo, _etraductor |
|
| 765 | 1 | 8 |
_aKuo, Benjamin C., _tDigital control systems. _bSecond edition. _dFort Worth ; London : Saunders College Pub., 1992. _z0030128846 |
| 942 |
_2ddc _cLI _h629.8 _iK96 |
||